The janissary tree

שמור ב:
מידע ביבליוגרפי
מחבר ראשי: Goodwin, Jason
פורמט: ספר
שפה:אנגלית
תגים: הוספת תג
אין תגיות, היה/י הראשונ/ה לתייג את הרשומה!

MARC

LEADER 00000nam a2200000 4500
001 CDOM0000005812
003 mi
005 20251006103614.0
008 251006b |||||||| |||| 00| 0 eng d
040 |c mi 
100 |a Goodwin, Jason 
245 1 |a The janissary tree  
942 |2 ddc  |c BK 
952 |0 0  |1 0  |2 ddc  |4 0  |7 0  |9 8009  |a MI  |b MI  |d 2017-10-08  |i 6707  |l 0  |p CDOM6707  |r 2025-07-13 16:28:00  |w 2025-07-13  |x acquisto  |y BK 
999 |c 6671  |d 6671